000 00520nam a2200181Ia 4500
001 11564
005 20260306162837.0
008 260306t2018||||xx |||||||||||||| ||spa||
041 _aESP
082 _a985.092
_bB96 T. 1
100 _aBustamante y Rivero, José Luis
_eAUT
245 0 _aObras completas de José Luis Bustamante y Rivero:
_btestimonios y aportes políticos, aportes jurídicos
260 _c2018
300 _a889 páginas :
_c24 cm.
650 _aGEN
654 _aCHU
942 _cLIB
_dJUS
_fJUS
_2ddc
_n
999 _c11564
_d11564